01360cam a22003734i 450000100090000000300090000900500170001800800410003502000180007602000150009404000380010904300120014708200200015910000330017924500500021226400600026230000510032233600260037333700280039933800270042750400410045461000440049565000470053965000320058665000320061865000550065065000220070565300250072765500170075290600450076994200120081499900170082695201430084312178345EG-ScBUE20240212092419.0000919s2001 ua ab f b 000 0 eng d a9789774246180 a9774246187 aDLCbengerdacDLCdDLCdEG-ScBUE af-ua---04a962.16222bHAM1 aHamza, Hani,d1949-eauthor.14aThe northern cemetery of Cairo /cHani Hamza. 1aCairo :bThe American University in Cairo Press,c2001. avii, 107 pages :billustrations, maps ;c29 cm 2rdacontentatextbtxt 2rdamediaaunmediatedbn 2rdacarrieravolumebnc aIncludes bibliographical references.27aNorthern Cemetery (Cairo, Egypt)2BUEsh 7aIslamic architecturezEgyptzCairo.2BUEsh 7aArchitecturezEgypt.2BUEsh 7aTombszEgyptzCairo.2BUEsh 7aIslamic sepulchral monumentszEgyptzCairo.2BUEsh 7aMamelukes.2BUEsh cFebruary2024bENGARC vReading book a7bcbccorignewd1eocipf20gy-gencatlg 2ddccBB c30661d30632 00102ddc40708AUCaMAINbMAINc2NDd2024-02-12ePurchaseg150.00l0o962.16 HAMp000057008r2025-07-15 00:00:00v188.00w2024-02-12yBB